000 00605nam a2200217 4500
005 20200610085541.0
008 b xx# eng u
010 _a1574
040 _aLB-BrCRDP
082 _a307.14 A517u
100 1 _aAmin, Galal A.
130 1 _lEN
245 1 0 _aUrbanisation and economic development in the arab world
_cGala A. Amin
260 _aBeirut
_bBeirut Arab University
_c1972
300 _av, 38p.:
_btables ;
_c24cm
500 _aBibliography at the end
630 _aUrban renewal
630 _aArabia
942 _cBK
_2ddc
999 _c13524
_d13524